| 000 | 00370nam a22001457a 4500 | ||
|---|---|---|---|
| 008 | 250513b |||||||| |||| 00| 0 eng d | ||
| 020 | _a9781035040285 | ||
| 050 |
_aPS648.H6 _b.O98 |
||
| 100 | _aPeele, Jordan | ||
| 245 | _aOut There Screaming | ||
| 260 |
_aLondon _bMacmillian Publishment _c2023 |
||
| 300 | _avii, 383p. | ||
| 650 | _aHorror tales, America | ||
| 942 | _cBK | ||
| 999 |
_c3438 _d3438 |
||